Colora il Presepe - Statistics

Statistiche generali
  • Questo quiz è stato fatto 92 volte
    41 dall'ultimo reset
  • Il punteggio medio è 8 su 12
Risposte nella Mappa
Le risposte nella mappa del quiz sottostante sono codificate secondo una scala di colori dal rosso al verde in base alla % di persone che hanno risposto correttamente.
 
Statistiche sulle risposte
Domande Risposte % Corretto
Chi porta i doni ai bambini? Babbo Natale
100%
In quale città nacque Gesù? Betlemme
94%
Quale santo si celebra il giorno dopo Natale? Santo Stefano
89%
Quali animali tradizionalmente sono presenti nella capanna con Gesù? Bue | Asino
86%
Quale dolce milanese è tipico del Natale? Panettone
81%
Completa il testo del canto natalizio:: "Tu scendi dalle stelle, o ______" Re del cielo
75%
Come si chiama il periodo di 4 settimane che precede il Natale? Avvento
69%
Composizione di rami, pigne, bacche, nastri, ecc. che si mette per decorazione alle porte o al centro del tavolo Strenna | Ghirlanda
64%
Creatore del primo presepe natalizio San Francesco d'Assisi
50%
Gruppo di musicisti che gira per le strade suonando canzoni natalizie con una specie di cornamusa Zampognari
42%
In quale cittadina lo costruì? Greccio
31%
Quale via di Napoli è famosa per le statuine del presepe? Via San Gregorio Armeno
28%
Nessun quiz corrispondente trovato
Distribuzione punteggi
Percentuale di utenti per punteggio
Percentile per numero di risposta
I tuoi punteggi nel tempo
Non hai fatto questo quiz dall'ultimo reset